00513nam a2200157Ia 4500008004100000040001600041041001200057082001200069100002200081245007200103260002600175300001700201942000700218952011300225999001700338230917s9999||||xx |||||||||||||| ||und|| e88263aMAIN aEnglish aB N225E aNehru, Jawaharlal 0aEighteen months in India 1936-37: Being further essays and writings aAllahabadbKitabistan aviii, 319 p. cBK 0010406B_N225E709124273aMAINbMAINd2003-04-22l0oB N225Ep158314r2023-09-17 20:59:20w2023-09-17yBK c81568d81568